[Event "58. BEM 2004"]
[Site "Dortmund"]
[Date "2004.03.01"]
[Round "1.17"]
[White "Kartsev, Alexandr"]
[Black "Grube, Jörg"]
[Result "0-1"]
[WhiteElo "1341"]
[BlackElo "1887"]
[Annotator "Fritz 7 (15s)"]
[PlyCount "88"]
[EventDate "2004.??.??"]
[Source "SG Dortmund"]
[SourceDate "2004.12.16"]

{B21: Sicilian: 2 f4 and Morra Gambit
} 1. e4 c5 2. f4 Nc6 3. Nf3 g6 4. b3 (4.
d3 d5 5. Be2 Bg7 6. c3 e6 7. Na3 Nge7 8. O-O b6 9. Qe1 Ba6 10. Nc2 Qc7 11. Rb1
Rd8 12. e5 h5 13. Be3 Nf5 14. d4 Bxe2 15. Qxe2 Bf8 16. Bf2 Be7 17. Rfd1 Kf8 18.
Ne3 Nxe3 {Bhend,E-Cebalo,M/Bern 1987/EXT 97/0-1 (45)}) 4... Bg7 5. Nc3 e6 6.
Be2 $146 (6. Bb2 Nge7 7. Be2 d6 8. O-O a6 9. Na4 Bxb2 10. Nxb2 b5 11. a4 b4 12.
Kh1 Bb7 13. Nd3 Qc7 14. Nf2 h5 15. d4 O-O-O 16. Rc1 d5 17. e5 Nf5 18. Qd2 Nfxd4
19. Nxd4 Nxd4 20. Bd3 Kb8 21. Rb1 Nf5 22. c3 a5 23. cxb4 axb4 24. Bxf5 gxf5 25.
Nh3 h4 26. Ng5 d4 27. h3 Be4 28. Rbc1 Bd5 29. Qd3 Rd7 30. Qb5+ Qb7 31. Qxb7+
Rxb7 32. Rb1 Ka7 33. Rfc1 Rc8 34. Kg1 Kb6 35. Kf2 Ka5 36. Nf3 Rbc7 37. Nd2 Rg8
38. Nc4+ Ka6 39. Rg1 Rg3 40. Nd6 Bxb3 {
Prib,J-Kejik,F/Klatovy 1997/EXT 98/0-1 (72)}) 6... a6 {Es geht um b5} 7. O-O
Nd4 8. e5 {Weiss gewinnt Raum} 8... Nxe2+ 9. Qxe2 d5 10. Na4 Qc7 11. d4 cxd4
12. Nxd4 {Nicht von der Hand zu weisen} 12... b5 13. Nb2 Ne7 14. a4 bxa4 15.
Rxa4 Bb7 16. c4 O-O 17. Bd2 Nc6 18. cxd5 (18. Bc3 $5 $14 {ist zu beachten})
18... Nxd4 $11 19. Rxd4 Bxd5 20. b4 Rfc8 21. Rc1 Qb6 22. Rxc8+ Rxc8 23. Qf2 Rc2
24. Na4 (24. Nd1 $5 $15 {kam sehr in Betracht}) 24... Qc6 $17 25. Nc5 a5 26.
Nd3 a4 27. Ne1 Rb2 28. Qe3 (28. Rd3 $5 $17) 28... Qb6 $19 29. Rd3 Qxe3+ 30.
Rxe3 $4 {das letzte Eigentor} (30. Bxe3 Rxb4 31. Bd4 $19) 30... Rxd2 31. Ra3
Bb3 32. Nf3 (32. Ra1 {macht keinen grossen Unterschied} 32... Bf8 $19) 32...
Rd1+ 33. Kf2 Bf8 34. Ke2 Rb1 35. Nd2 (35. Kd3 {waere gleichermassen fruchtlos}
35... Bxb4 36. Rxb3 Rxb3+ 37. Kc2 Re3 $19) 35... Rb2 36. Rxb3 axb3 37. b5 (37.
Kd1 {die letzte Gegenchance} 37... Bxb4 38. Nxb3 Rxb3 39. Kc2 $19) 37... Bb4
38. Kd3 (38. Kf2 {holt die Kuh nicht vom Eis} 38... Rxd2+ 39. Kf1 b2 40. b6
b1=Q#) 38... Rxd2+ 39. Kc4 (39. Ke3 {aendert nichts mehr} 39... b2 40. f5 b1=Q
41. fxg6 Rd3+ 42. Kf4 Qf1+ 43. Kg4 Qxg2+ 44. Kf4 Bd2#) 39... b2 40. Kxb4 (40.
b6 {nuetzt auch nichts mehr} 40... b1=Q 41. Kb5 Ba5+ 42. Kc5 Qxb6+ 43. Kc4 Rd4#
) 40... b1=Q+ 41. Ka5 (41. Kc5 {hilft auch nicht mehr} 41... Rd5+ 42. Kc6 Qxb5+
43. Kc7 Rd7+ 44. Kc8 Qb7#) 41... Rd5 42. Ka6 (42. Kb6 {
aendert den Lauf der Dinge nicht} 42... Qxb5+ 43. Kc7 Rd7+ 44. Kc8 Qb7#) 42...
Qxb5+ 43. Ka7 Rd7+ 44. Ka8 Qb7# 0-1

[Event "58. BEM 2004"]
[Site "Dortmund"]
[Date "2004.03.01"]
[Round "1.18"]
[White "Krause, Dieter"]
[Black "Skoecz, Horst"]
[Result "1-0"]
[WhiteElo "1873"]
[BlackElo "1338"]
[Annotator "Fritz 7 (15s)"]
[PlyCount "75"]
[EventDate "2004.??.??"]
[Source "SG Dortmund"]
[SourceDate "2004.12.16"]

{A10: English Opening: Unusual Replies for Black
} 1. c4 Nc6 2. g3 e6 (2... d5
3. Bg2 dxc4 4. Qa4 Nf6 5. Nf3 Qd6 6. O-O Qb4 7. Qxb4 Nxb4 8. Na3 Be6 9. Nb5 Na6
10. Ne5 Bd5 11. Bxd5 Nxd5 12. Nxc4 c6 13. Nc3 g6 14. d3 Bg7 15. Bd2 O-O 16.
Rab1 Rfd8 17. Rfc1 {Bistric,F-Mestrovic,Z/Pula 2001/EXT 2002/1/2-1/2 (39)}) 3.
Bg2 Ne5 $146 (3... Nf6 4. Nc3 Ne5 5. b3 c6 6. d4 Bb4 7. Bb2 Ng6 8. a3 Bxc3+ 9.
Bxc3 d5 10. e3 b6 11. Rc1 Bb7 12. Bb2 Rc8 13. Ne2 O-O 14. O-O Qe7 15. h4 Rfd8
16. c5 Ba6 17. Re1 Bxe2 18. Qxe2 {
Oglobilia,A-Burakovsky,M/Kiev 1998/EXT 2000/1-0 (48)}) (3... d5 4. Nf3 Nf6 5.
O-O Be7 6. b3 O-O 7. d3 b6 8. a3 Bb7 9. Qc2 Bd6 10. Bb2 Qe7 11. Nbd2 Nd8 12. d4
c5 13. Ne5 cxd4 14. Bxd4 Bxa3 15. e4 dxc4 16. Nexc4 Bc5 17. Bxc5 Qxc5 18. e5 {
Seuffert,G-Lautner,J/Passau 2000/CBM 76 ext/1-0 (44)}) 4. b3 {Punkt c4} 4... c6
{Sichert d5} 5. f4 Ng4 6. h3 N4h6 7. e3 Nf5 8. Ne2 Qf6 9. Nbc3 Bb4 10. Bb2 Qh6
(10... Qg6 $5 $11 {ist interessant}) 11. e4 $16 Nfe7 12. a3 Ba5 13. b4 Bc7 14.
Qb3 Ng6 15. e5 N8e7 16. O-O-O (16. h4 Nf5 $16) 16... Nf5 17. Kb1 (17. h4 Nxg3
18. Nxg3 Nxf4 $16) 17... Nxg3 $2 (17... d5 $142 $14 {
und Schwarz kann noch kaempfen}) 18. Nxg3 $18 Nxf4 19. Be4 Bxe5 20. d4 Bf6 21.
d5 Qh4 22. Na4 (22. dxc6 dxc6 23. Nf1 Ne2 $16) 22... Bxb2 23. Nxb2 Nh5 (23...
Ne2 $142 $5 24. Nxe2 Qxe4+ 25. Qc2 exd5 26. cxd5 cxd5 $16) 24. Nxh5 $18 Qxe4+
25. Qd3 (25. Ka1 Qe5 26. Qf3 O-O $18) 25... Qe5 $2 (25... Qxd3+ $142 $5 26.
Rxd3 g6 27. Nf6+ Ke7 $16) 26. Qf3 Qf5+ (26... O-O $18) 27. Qxf5 exf5 28. Nxg7+
Kf8 29. Nxf5 cxd5 30. cxd5 b5 31. Nd3 a5 32. Nc5 axb4 33. axb4 Ra3 (33... Rg8 {
aendert nichts mehr} 34. Rhf1 Rg6 35. d6 $18) 34. d6 Rg8 (34... Rc3 {
nuetzt auch nichts mehr} 35. Ne7 Rxc5 36. bxc5 $18) 35. Rhg1 Rxg1 (35... Rg6 {
waere gleichermassen fruchtlos} 36. Ne7 Rxd6 37. Nxc8 Rxd1+ 38. Rxd1 $18) 36.
Rxg1 Ba6 (36... Rxh3 {holt die Kuh nicht vom Eis} 37. Ne7 f6 38. Nxc8 $18) 37.
Ne7 (37. Nxd7+ Ke8 38. Nf6+ Kd8 39. Rg8#) 37... f6 38. Kb2 (38. Kb2 Rxh3 39.
Nxd7+ Kf7 40. Nc5 $18) (38. Nxd7+ $142 {gibt noch groesseren Vorteil} 38... Kf7
39. Nc5 Bb7 40. Nxb7 Rd3 $18) 1-0

[Event "58. BEM 2004"]
[Site "Dortmund"]
[Date "2004.03.01"]
[Round "1.19"]
[White "Krüger, Inge"]
[Black "Kleymann, Jelena"]
[Result "0-1"]
[WhiteElo "1335"]
[BlackElo "1865"]
[Annotator "Fritz 7 (15s)"]
[PlyCount "76"]
[EventDate "2004.??.??"]
[Source "SG Dortmund"]
[SourceDate "2004.12.16"]

{E34: Nimzo-Indian: Classical: 4...d5
} 1. d4 Nf6 2. c4 e6 3. Nc3 Bb4 4. Qc2 d5
5. Nf3 O-O 6. e3 c5 7. cxd5 (7. dxc5 Bxc5 8. Bd3 Nc6 9. a3 a5 10. O-O b6 11.
Rd1 Ne7 12. b3 Bb7 13. Bb2 Qc7 14. Nb5 Qb8 15. Be5 Qd8 16. Qb2 Nc6 17. Bxf6
Qxf6 18. Qxf6 gxf6 19. cxd5 exd5 20. Be2 Ne5 21. Nfd4 Bxd4 22. exd4 {
1-0 Ritter,R-Hefter,D/Deidesheim 2000/EXT 2002 (22)}) 7... exd5 (7... Nxd5 8.
a3 Qa5 9. Bd2 Bxc3 10. bxc3 Qc7 11. c4 Nf6 12. Bd3 cxd4 13. exd4 h6 14. O-O Nc6
15. Rfe1 Rd8 16. Qb2 b6 17. Rad1 Bb7 18. Bc3 Ne8 19. Qe2 Nf6 20. d5 exd5 21.
Bxf6 gxf6 22. cxd5 {Nash,B-Ruiz,R/Toronto 1997/EXT 2001/1/2-1/2 (34)}) 8. Be2
Ne4 $146 (8... Bg4 9. O-O c4 10. a3 Ba5 11. Ne5 Bxe2 12. Nxe2 Nbd7 13. f4 Ne4
14. Nc3 Bxc3 15. bxc3 Nxe5 16. fxe5 Qa5 17. Bb2 Rac8 18. a4 Rfe8 19. Rac1 Rc6
20. Ba3 Ra6 21. Bb4 Qxa4 22. Qe2 Qd7 23. Rf4 f6 24. Rcf1 Qd8 25. g4 h6 26. Qg2
fxe5 27. Rf8+ Rxf8 28. Rxf8+ Qxf8 29. Bxf8 Ra1+ 30. Qf1 Rxf1+ 31. Kxf1 Kxf8 32.
dxe5 Nxc3 {0-1 Hensinger,E-Baumgartner,W/Bad Woerishofen 1992/EXT 97 (32)}) 9.
O-O Bf5 10. Bd3 (10. Qb3 $5 $11 {kommt in Betracht}) 10... Bxc3 $15 11. bxc3 c4
{Raumvorteil} 12. Bxe4 Bxe4 13. Qd1 Nd7 14. a4 Re8 15. Ra2 Re6 16. Nd2 Bd3 {
d3 ist ein Paradefeld fuer den Laeufer} 17. Re1 Qg5 18. f4 (18. Rb2 $5 b6 19.
e4 dxe4 20. Nxc4 $15) 18... Qd8 19. Nf1 Nf6 20. Ng3 Ra6 21. Qd2 Qd7 22. a5 Qc7
23. Ba3 Rxa5 24. Bb4 Rxa2 25. Qxa2 b6 26. Qa3 Re8 27. Bd6 Qb7 28. Be5 Nd7 29.
Ra1 a5 30. Kf2 f6 31. Bd6 Qc6 32. f5 b5 33. Bf4 a4 34. h4 Nb6 35. Ke1 (35. h5
Nc8 $19) 35... Nc8 36. Kd2 Qd7 37. Qc5 Bxf5 38. Nxf5 Qxf5 (38... Qxf5 39. Qxb5
Nd6 40. Qxa4 Ne4+ 41. Kc1 Rf8 $19) 0-1

[Event "58. BEM 2004"]
[Site "Dortmund"]
[Date "2004.03.01"]
[Round "1.20"]
[White "Gielisch, Eckhart"]
[Black "Rutmann, Ulrich"]
[Result "1-0"]
[WhiteElo "1851"]
[BlackElo "1296"]
[Annotator "Fritz 7 (15s)"]
[PlyCount "107"]
[EventDate "2004.??.??"]
[Source "SG Dortmund"]
[SourceDate "2004.12.16"]

{D31: Queen's Gambit Declined: Semi-Slav without ...Nf6 (+ Marshall Gambit and
Noteboom) and Exchange Variation lines without ...Nf6 } 1. d4 d5 2. c4 c6 3.
Nf3 e6 4. Nc3 Be7 5. e4 Bb4 $146 (5... dxe4 6. Nxe4 Nf6 7. Bd3 Nbd7 (7... c5 8.
Nxc5 Bxc5 9. dxc5 Qa5+ 10. Bd2 Qxc5 11. O-O O-O 12. Bc3 Nbd7 13. Qd2 e5 14. Bb4
Qb6 15. Bxf8 e4 16. Be7 exf3 17. Rfe1 fxg2 18. Rad1 g6 19. b4 Qd4 20. Qg5 Ng4
21. Bc5 Nxc5 22. Re8+ {Selensky,A-Tevtyuev,S/Orel 1998/EXT 2002/1/2-1/2 (56)})
8. Nc3 (8. Nxf6+ Bxf6 9. O-O O-O 10. Qc2 h6 11. Bf4 c5 12. d5 Re8 13. Rfe1 Nf8
14. Rad1 Qb6 15. b3 Bd7 16. Be5 exd5 17. cxd5 Rac8 18. h3 a6 19. Qc3 Bxe5 20.
Nxe5 Qf6 21. Re3 b5 22. Rde1 Qd6 23. Bc2 Re7 24. Nxd7 Rxd7 25. Bf5 Qxd5 26.
Bxd7 Qxd7 27. Re7 Qf5 28. Re8 Rxe8 29. Rxe8 Qd7 30. Qe5 {
1-0 Feichtenschlager,G-Stauber,V/Landshut 1999/EXT 2002 (30)}) 8... c5 9. O-O
cxd4 10. Nxd4 Ne5 11. Be2 O-O 12. Be3 a6 13. a3 Ng6 14. Qc2 Qc7 15. b3 Bd6 16.
g3 e5 17. Nf5 Bc5 18. Bxc5 Qxc5 19. b4 Qc7 20. Rfd1 {
Koivistoinen,T-Grek,M/Helsinki 2001/EXT 2002/1/2-1/2 (58)}) (5... Nf6 6. e5
Nfd7 7. Bf4 Nf8 8. Bd3 Ng6 9. Bg3 Nh4 10. O-O g6 11. c5 a5 12. Nxh4 Bxh4 13.
Qg4 Be7 14. f4 b6 15. Na4 Nd7 16. Rac1 bxc5 17. dxc5 Rb8 18. Qe2 Qc7 19. f5
gxf5 20. Bxf5 {Takac,Z-Schmidt,J/Frohnleiten 1999/EXT 2001/1-0 (36)}) 6. e5 {
Weiss erobert Raum} 6... Bxc3+ 7. bxc3 b6 8. Bd3 dxc4 9. Bxc4 Ba6 10. Bxa6 Nxa6
11. O-O Nc7 12. Ng5 h6 (12... Nh6 $5 $16) 13. Ne4 $18 Nb5 $2 (13... Kf8 $142
$18) 14. a4 Qd5 (14... Nxc3 15. Nxc3 Ne7 16. a5 $18) 15. Qf3 (15. Qg4 $142 $5 {
ginge schneller} 15... Nxd4 16. cxd4 Kf8 17. Ba3+ Ne7 $18) 15... f5 16. exf6
Nxf6 17. Nxf6+ (17. axb5 Qxe4 18. Qg3 cxb5 19. Rxa7 Rxa7 20. Qb8+ Kf7 21. Qxa7+
Kg6 22. Qxb6 Nd5 $14) 17... gxf6 18. Qxd5 exd5 (18... cxd5 $4 19. axb5 Kf7 20.
Bd2 $18) 19. axb5 cxb5 20. Ra6 Kd7 21. Bf4 Kc6 22. Re1 Kb7 23. Ra2 a5 24. Re7+
Ka6 25. Bd6 (25. Rd7 $5 {ist genauer} 25... Rac8 26. Ra3 Rc4 27. Rxd5 Ra4 28.
Rxa4 bxa4 $18) 25... Rac8 26. Re3 Rc6 27. Be7 Rhc8 28. Ra3 Rc4 {
Schwarz bereitet b4 vor} 29. Kf1 R4c6 30. Ke2 Kb7 31. Kd2 b4 32. cxb4 Rc2+ 33.
Ke1 Rb2 34. Rac3 Rb1+ 35. Ke2 Rb2+ 36. Kf3 Rxc3 37. Rxc3 axb4 38. Re3 b3 (38...
f5 {aendert den Lauf der Dinge nicht} 39. Re2 Rxe2 40. Kxe2 $18) 39. Ba3 (39.
g4 $142 $5 {damit wuerde Weiss es sich noch erleichtern} 39... Kc6 $18) 39...
Rb1 40. Re2 Ka6 (40... Rh1 41. Rb2 $18) 41. Rb2 Rxb2 (41... Rh1 {
hilft allerdings auch nicht} 42. Be7 $18) 42. Bxb2 Kb5 (42... b5 {
aendert nichts am Ausgang der Partie} 43. Kf4 b4 44. g4 $18) 43. g4 Kc4 44. Ke3
Kb5 45. f4 Kc6 46. h4 Kd6 47. g5 fxg5 (47... Ke6 {hilft auch nicht mehr} 48. g6
f5 49. h5 $18) 48. fxg5 hxg5 (48... h5 $18 {ist noch eine duenne Chance}) 49.
hxg5 Ke6 50. Kf4 Kf7 51. Kf5 Kg7 52. g6 b5 53. Kg5 b4 {
Weiss darf Schwarz nun nicht zu Kh5 kommen lassen} 54. Ba1 (54. Ba1 Kh8 55. Kf6
Kg8 56. g7 b2 57. Bxb2 Kh7 58. Kf7 Kh6 59. Bc1+ Kh5 60. g8=Q Kh4 61. Bf4 b3 62.
Qg3+ Kh5 63. Qg5#) (54. Kf5 Kg8 55. Kf6 Kf8 56. g7+ Kg8 57. Bc1 Kh7 58. Kf7 b2
59. g8=Q#) 1-0

[Event "58. BEM 2004"]
[Site "Dortmund"]
[Date "2004.03.01"]
[Round "1.21"]
[White "Thiemig, Rolf"]
[Black "Ziperstein, Jakob"]
[Result "0-1"]
[WhiteElo "1278"]
[BlackElo "1831"]
[Annotator "Fritz 7 (15s)"]
[PlyCount "48"]
[EventDate "2004.??.??"]
[Source "SG Dortmund"]
[SourceDate "2004.12.16"]

{A01: Nimzowitsch-Larsen Opening
} 1. b3 Nf6 2. Bb2 g6 3. e3 Bg7 4. Nf3 O-O 5.
Be2 d6 6. Qc1 $146 (6. O-O e5 7. c4 (7. d3 Nc6 8. Nbd2 (8. c4 Bg4 9. Nbd2 a5
10. a3 Qe7 11. Qc2 Rae8 12. h3 Bc8 13. Rfd1 Nh5 14. Ne4 f5 15. Nc3 Nf6 16. Nd5
Qd8 17. Bc3 Be6 18. e4 h6 19. b4 axb4 20. axb4 Ne7 21. b5 Nexd5 22. cxd5 Bd7 {
Bittel,R-Cortez Aparicio,O/Salta 1992/EXT 98/0-1 (34)}) 8... Re8 9. c4 b6 10.
Qc2 Bb7 11. a3 a5 12. Rfe1 d5 13. cxd5 Nxd5 14. Rac1 Re6 15. Qb1 Qe7 16. Bf1
Rd8 17. Qa1 Nf6 18. Nc4 Nd7 19. d4 exd4 20. exd4 Ncb8 21. Nce5 Nxe5 {
Dankert,P-Schussler,H/Hamburg 1980/MCD/0-1 (38)}) (7. d4 Nbd7 8. Nbd2 Re8 9.
dxe5 Ng4 10. Nc4 Ngxe5 11. Nfxe5 Nxe5 12. Nxe5 dxe5 13. Qxd8 Rxd8 14. Rfd1 Bf5
15. Rxd8+ Rxd8 16. Rd1 Re8 17. Bd3 Be6 18. Be2 c6 19. Kf1 Bf5 20. c4 Bf8 21.
Bd3 Bc8 {Reiter,A-Lombardy,W/New York 1955/EXT 2000/0-1 (55)}) 7... Nc6 (7...
Nbd7 8. Nc3 Re8 9. Rc1 c6 10. d4 Qe7 11. Qd2 e4 12. Ne1 Nf8 13. b4 Bf5 14. a4
h5 15. a5 N8d7 16. Nc2 Rac8 17. Ba3 Bf8 18. Rb1 Qd8 19. Na4 b6 20. axb6 axb6
21. Nc3 Ra8 22. Ra1 {Vestol,A-Johannsson,I/Moscow 1956/MCD/1/2-1/2 (51)}) 8. d4
exd4 9. Nxd4 Bd7 10. Nc3 Re8 11. Bf3 Rb8 12. Nxc6 Bxc6 13. Rb1 Nd7 14. Bd5 Qh4
15. Qf3 Ne5 16. Qg3 Qxg3 17. hxg3 Nd3 18. Bxc6 bxc6 19. Ba1 Nb4 20. Rfd1 Re5 {
Lisitsin,G-Levenfish,G/Leningrad 1939/URS-ch/1-0 (94)}) 6... e5 7. d3 {
Verhindert das Eindringen auf e4} 7... Nc6 8. O-O Bg4 9. Nbd2 h6 {
Kontrolliert g5} 10. a3 {Der Gegner darf nicht nach b4} 10... Nh7 11. h3 Be6
12. e4 Qd7 13. Kh2 f5 14. exf5 gxf5 15. Nh4 f4 {Raumgewinn} 16. Ndf3 Ng5 17.
Nxg5 hxg5 18. Nf3 Bf6 19. Nd2 Rf7 20. Ne4 Be7 21. Qd1 (21. Rh1 $5 $15) 21...
Rh7 $17 22. Bg4 $4 {fuehrt zu weiterem Ungemach} (22. Kg1 $142 $17) 22... Bxg4
$19 23. f3 Bxh3 $1 {Zerstoerung der Bauerndeckung} 24. gxh3 (24. Kg1 {
ist ein letzter Strohhalm} 24... Be6 25. d4 $19) 24... Qxh3+ {
Eine sehenswerte Mattkombination. .} (24... Qxh3+ 25. Kg1 Qh2#) 0-1

[Event "58. BEM 2004"]
[Site "Dortmund"]
[Date "2004.03.01"]
[Round "1.22"]
[White "Barskij, Aleksandr"]
[Black "Krüger, Sven"]
[Result "1-0"]
[WhiteElo "1828"]
[BlackElo "1098"]
[Annotator "Fritz 7 (15s)"]
[PlyCount "33"]
[EventDate "2004.??.??"]
[Source "SG Dortmund"]
[SourceDate "2004.12.16"]

{B54: Sicilian: 2...d6 3 d4 cxd4 4 Nxd4, Unusual Lines 
} 1. e4 c5 2. Nf3 d6 3.
d4 cxd4 4. Nxd4 e5 5. Nb3 Nf6 6. Nc3 a6 7. f3 Be6 8. Be3 Bxb3 $146 (8... Nc6 9.
Qd2 (9. Nd5 Bxd5 10. exd5 Ne7 11. c4 g6 12. Be2 Bg7 13. O-O O-O 14. Bf2 Re8 15.
Re1 e4 16. Nd4 e3 17. Bxe3 Nexd5 18. Bf2 Nf4 19. Bf1 Qd7 20. Qd2 Ne6 21. Rad1
Nc5 22. b4 Na4 23. a3 Rxe1 24. Rxe1 Re8 25. Rd1 Qc8 26. Qc2 Nb6 27. Nf5 gxf5
28. Bxb6 d5 29. Bf2 dxc4 30. Bxc4 f4 31. Bd3 Qxc2 32. Bxc2 h6 33. Kf1 Bf8 34.
Bf5 a5 35. Rd4 axb4 36. axb4 Re5 37. Rxf4 Nd5 38. Rg4+ Bg7 39. Bc8 b6 40. Re4
Rxe4 41. fxe4 Nxb4 42. Bxb6 Be5 43. g3 Nc6 {
Kovchan,A-Jakubowski,K/Oropesa del Mar 2001/EXT 2002/1-0 (60)}) 9... d5 10.
exd5 Nxd5 11. Nxd5 Qxd5 12. Qxd5 Bxd5 13. O-O-O O-O-O 14. Bb6 Rd7 (14... Rd6
15. Bd3 g6 16. Rhe1 Bxb3 17. axb3 Nb4 18. Ba5 Nxd3+ 19. cxd3 Bg7 20. Bc3 Rhd8
21. Kc2 Rc6 22. Kb1 Rcd6 23. f4 Rxd3 24. Rxd3 Rxd3 25. fxe5 Kd8 26. Kc2 Rd5 27.
e6 Bxc3 28. exf7 Bb4 29. Re8+ {
Mamedov,R-Meszaros,M/Oropesa del Mar 2001/EXT 2002/1/2-1/2 (42)}) 15. Bd3 g6
16. Rhe1 f5 17. Bf1 Be7 18. Nc5 Rd6 19. c4 Bf7 20. Na4 Rxd1+ 21. Rxd1 Bg5+ 22.
Kc2 Bf6 23. Kb1 {Zapata,A-Gonzalez Rodriguez,J/COL 1988/TD/1-0 (41)}) (8... b5
9. a4 b4 10. Nd5 Bxd5 11. exd5 Nbd7 12. a5 Qc7 13. Qd2 Qb7 14. Bc4 Be7 15. Ra4
Rb8 16. O-O O-O 17. Rd1 Rfc8 18. Qe2 Qc7 19. Bxa6 Qxc2 20. Qxc2 Rxc2 21. Ra2
Bd8 22. Bd3 Rcc8 23. a6 {Chandler,M-De Firmian,N/Novi Sad 1990/TD/1-0 (63)}) (
8... d5 $5 {ist zu beachten} 9. exd5 Bxd5 10. Nxd5 Nxd5 $11) 9. axb3 $16 Nc6
10. Bc4 Ng8 (10... Nb4 $5 $16) 11. Nd5 $18 Rb8 (11... Rc8 $18) 12. Bb6 Qh4+ 13.
g3 Qh3 14. Nc7+ Kd7 15. Kf2 Nge7 $2 (15... Qh5 $18) 16. Bxf7 Qh6 (16... Nd4 {
macht keinen grossen Unterschied} 17. c3 Kc6 18. Ba5 $18 (18. cxd4 $6 Kxb6 19.
dxe5 dxe5 $18)) 17. Be6+ (17. Be6+ Qxe6 18. Nxe6 Kxe6 19. Rf1 $18) 1-0

[Event "58. BEM 2004"]
[Site "Dortmund"]
[Date "2004.03.02"]
[Round "2.1"]
[White "Eismont, Igor"]
[Black "Krause, Dieter"]
[Result "1-0"]
[WhiteElo "2230"]
[BlackElo "1873"]
[Annotator "Fritz 7 (15s)"]
[PlyCount "71"]
[EventDate "2004.??.??"]
[Source "SG Dortmund"]
[SourceDate "2004.12.16"]

{D58: Queen's Gambit Declined: Tartakower Defence
} 1. Nf3 d5 2. d4 e6 3. c4
Nf6 4. cxd5 exd5 5. Nc3 Be7 6. Bg5 h6 7. Bh4 O-O 8. e3 b6 9. Bxf6 Bxf6 10. Qb3
Be6 11. Rd1 Nc6 (11... c6 12. Bd3 Qd6 13. O-O Nd7 14. Bb1 g6 15. Ne2 Bg7 16.
Nf4 Bg4 17. h3 Bxf3 18. gxf3 Rfe8 19. Qd3 Nf8 20. Kh1 Qf6 21. Qe2 Qxf4 {
0-1 Martinez,M-Bauza,A/Montevideo 2000/EXT 2001 (21)}) 12. Be2 (12. g3 Ne7 13.
Bg2 c5 14. O-O Qb8 15. Qa3 Rc8 16. e4 cxd4 17. Nxd4 Bg4 18. f3 Bd7 19. Nxd5
Nxd5 20. exd5 Bxd4+ 21. Rxd4 Qe5 22. Rd2 Rc5 23. f4 Qd6 24. Re1 a5 25. Rc2 Rac8
26. Rxc5 Rxc5 {Shirov,A-Kotronias,V/Chalkidiki 1993/CBM 38/1-0 (46)}) 12... Be7
$146 (12... Ne7 13. O-O Rb8 (13... c6 14. Qa4 a5 15. e4 g6 16. Ne5 Rc8 17. exd5
cxd5 18. Ba6 Rc7 19. Rfe1 Kg7 20. Qb3 Ra7 21. Bb5 Rc7 22. Bd3 Rc8 23. Nb5 Bd7
24. Nd6 Rb8 25. Rc1 h5 26. Ba6 Bg5 27. Rc2 Nf5 28. Nxd7 {
Georgiev,V-Pigusov,E/Ubeda 1997/CBM 56 ext/1/2-1/2 (55)}) 14. Rd2 c5 15. dxc5
bxc5 16. Qa3 Bxc3 17. Qxc3 Qb6 18. Rc1 Rfc8 19. Qa3 Nf5 20. b3 Nd6 21. Rdc2 c4
22. Nd4 cxb3 23. Rxc8+ Rxc8 24. Rxc8+ Nxc8 25. Nxb3 Nd6 26. h3 g6 27. Qa4 {
Reinhart,H-Kochseder,G/Bayern 1995/EXT 99/1-0 (53)}) (12... Na5 13. Qa4 c5 14.
dxc5 bxc5 15. O-O Rb8 16. Rd2 Rb4 17. Qd1 Qc7 18. Nxd5 Bxd5 19. Rxd5 Rxb2 20.
e4 Rd8 21. e5 Be7 22. a4 Rxd5 23. Qxd5 Rxe2 {
0-1 Rioseco,F-Araya,R/Santiago 1998/EXT 99 (23)}) 13. O-O Bd6 14. g3 {Punkt f4}
(14. Nb5 $5 $14) 14... Na5 15. Qc2 Qf6 16. Nd2 Rfd8 17. Bf3 c6 {
Verhindert das Eindringen auf b5} 18. Bg2 Rac8 19. Qd3 Bb8 20. b4 Nb7 21. Rc1
Nd6 22. b5 Nxb5 23. Nxb5 cxb5 24. Qxb5 Rxc1 25. Rxc1 h5 26. Nf3 g5 27. h4 gxh4
28. Nxh4 Qg5 29. Qb3 Bd6 30. Rc6 Be7 (30... Qe7 31. Qd3 $14) 31. Qd1 (31. Rc7
Ra8 $16) 31... Bg4 32. Bf3 Rd6 33. Rc7 Kf8 (33... Rd7 $142 $5 34. Qc2 Bd8 35.
Rxd7 Bxd7 $16) 34. Bxg4 $18 hxg4 35. Qc2 (35. Rxa7 $6 Qh5 36. Qc1 Bxh4 37. gxh4
Kg7 $14 (37... Qxh4 $4 38. Qa3 Qd8 39. Ra8 $18)) 35... Rh6 (35... Bd8 36. Rxa7
Qf6 $18) 36. Nf5 (36. Nf5 Bd8 37. Rc8 $18) (36. Rc8+ Bd8 37. Qc7 Kg7 38. Rxd8
Rh5 $18) 1-0

[Event "58. BEM 2004"]
[Site "Dortmund"]
[Date "2004.03.02"]
[Round "2.2"]
[White "Kleymann, Jelena"]
[Black "Kartsev, Soel"]
[Result "1-0"]
[WhiteElo "1865"]
[BlackElo "2172"]
[Annotator "Fritz 7 (15s)"]
[PlyCount "78"]
[EventDate "2004.??.??"]
[Source "SG Dortmund"]
[SourceDate "2004.12.16"]

{B01: Scandinavian Defence
} 1. e4 d5 2. exd5 Nf6 3. d4 Nxd5 4. c4 Nb6 5. Nf3
g6 6. Nc3 Bg7 7. h3 O-O 8. Be3 Nc6 {d4 steht unter Druck} 9. Be2 e5 10. d5 Ne7
11. O-O f5 12. Qd2 (12. Bc5 Re8 13. Re1 Nd7 14. Ba3 b6 15. d6 cxd6 16. Bxd6 Bb7
17. Nb5 Rc8 18. Nxa7 Ra8 19. Nb5 Rc8 20. Bxe7 Qxe7 21. Nd6 Nc5 22. Nxe8 Rxe8
23. Qd2 e4 24. Nh2 Qf6 25. b4 Ne6 26. Qd6 Qg5 {
Timko,M-Volgyi,R/HUN 2000/EXT 2002/1-0 (50)}) 12... f4 13. Bc5 Bf5 14. Bd3 h6
$146 {Sichert g5} (14... Re8 15. Rfe1 Nec8 16. Bxb6 axb6 17. Ne4 c6 18. Qc2
cxd5 19. cxd5 Bxe4 20. Bxe4 Nd6 21. b4 Rc8 22. Qb3 Rc4 23. Nd2 Rd4 24. Rad1 Qd7
25. f3 Qb5 26. a3 Rc8 27. Qb2 Nxe4 28. fxe4 Qd3 29. Qa1 Qc2 30. Nf3 Rxe4 31. d6
Rxe1+ 32. Nxe1 Qc4 33. Qb2 e4 34. Qf2 e3 35. Qh4 e2 36. Rd3 Bd4+ 37. Kh1 Rf8
38. Qe7 Be3 39. d7 f3 40. Qxf8+ Kxf8 41. d8=Q+ {
1-0 Sztercsco,S-Krogulski,G/Krynica 1998/EXT 2002 (41)}) 15. Nh4 Kh7 16. Qc2
Nxc4 $2 (16... Rf6 $142 $16) 17. Nxf5 $18 gxf5 18. Bxc4 f3 19. g3 Rf6 20. Qd1
e4 21. Bd4 Rg6 22. Bxg7 Rxg7 23. Kh2 Ng6 24. Qd4 c5 (24... a6 25. Rfe1 $18) 25.
Qxc5 Nf4 (25... Rc8 26. Qd4 $18) 26. Qe3 (26. gxf4 Rg2+ 27. Kh1 Qh4 28. Qe7+
Qxe7 $19) 26... Nxh3 (26... Ng2 {ist ein letzter Strohhalm} 27. Qd4 Qd6 $18)
27. Nxe4 $1 {Aus die Maus!} 27... fxe4 28. Qxe4+ (28. Kxh3 $6 {
scheint erheblich schwaecher} 28... Qe8 29. Kh2 Qh5+ 30. Kg1 Re8 $14) 28... Kh8
29. Kxh3 Qd7+ 30. Kh2 Rf8 31. Rh1 b5 32. Bb3 Qd6 33. Rac1 Qb6 (33... Re7 {
aendert nichts mehr} 34. Qh4 Qf6 35. Qxf6+ Rxf6 36. g4 $18) 34. Qe3 (34. Kg1
Rxg3+ 35. Kf1 Rg2 36. Qe5+ Rf6 37. Rc8+ Kg7 38. Rc7+ Qxc7 39. Qxc7+ Rf7 40.
Qe5+ Rf6 41. d6 Kh7 42. Qxf6 Rg6 43. Qf7+ Rg7 44. Bc2+ Kh8 45. Qf8+ Rg8 46.
Qxh6#) 34... Qg6 (34... Qxe3 {haette noch versucht werden koennen} 35. fxe3 a5
$18) 35. Kg1 h5 (35... Rh7 {die letzte Gegenchance} 36. Bc2 Qb6 37. Qxb6 axb6
38. Bxh7 Kxh7 $18) 36. Rc6 Qb1+ 37. Qc1 (37. Kh2 Qxb2 38. Qh6+ Kg8 39. d6+ Qxb3
40. axb3 Re7 41. dxe7 Ra8 42. Rg6+ Kf7 43. Rg7+ Ke8 44. Qc6#) 37... Qf5 (37...
Qxc1+ {lenkt vielleicht noch ab} 38. Rxc1 Rg5 $18) 38. Rh6+ Rh7 (38... Kg8 {
hilft allerdings auch nicht} 39. R1xh5 Rxg3+ 40. Kh1 Rf6 41. d6+ Kg7 42. Qc7+
Rf7 43. Rh7+ Kf6 44. Qxf7+ Ke5 45. Qe6+ Kd4 46. Qe3#) 39. Qc3+ Kg8 1-0